000 00188 a2200097 4500
001 8009
100 _aRiesenberg, F
245 _aSea war
260 _a
_bRinchart
_c
090 _c6417
_d6417
942 _aNUST-CAE
_cM
_c32953
999 _c243082
_d243082